000
00244nam a22001097a 4500
003
SGT
100
_a
TEWARI, K. K.
245
_a
ELECTRICTY AND MAGNETISM
260
_a
NEW DELHI
_b
UNIVERSAL BOOK STALL
_c
2016
300
_a
644
942
_2
ddc
_c
FPS
_0
3
999
_c
10077
_d
10077